00486nam a2200181 a 450000100060000000300090000600800410001502000130005604000280006908200090009710000200010624500580012626000460018430000110023049000250024165000160026665000220028217466CO-ViMGA141112s2004 ck r 000 u spa d a77229376 aCO-ViMGAbspacCO-ViMGA04aCASp1 aBalanya, Ismael10aEl caso de las palmeras exóticas y seis casos más aBarcelona (España), cTimun Mas, c1992 a115.p. aResuelve el misterio14aADIVINANZAS14aJUEGOS INFANTILES